Statistics for Catalonia Country Quiz

Click here to take the quiz!

General Stats

  • This quiz has been taken 79 times
  • The average score is 15 of 24

Answer Stats

HintAnswer% Correct
CapitalBarcelona
100%
ProvincesBarcelona
100%
Official languagesCatalan
97%
Official languagesSpanish
97%
CurrencyEuro
86%
Claimant countrySpain
86%
Sea it bordersMediterranean Sea
84%
ProvincesGirona
79%
ProvincesTarragona
78%
Second largest cityL'Hospitalet de Llobregat
76%
ProvincesLleida
76%
Largest mountain rangePyrenees
76%
Country with most immigrants fromMorocco
69%
PresidentQuim Torra
66%
Largest riverEbro River
52%
Official languagesOccitan
52%
Human towers built at festivalsCastells
41%
Patron saintsSaint George
41%
Catalan folk dance and music genreSardana
40%
Main religion (includes subdivision)Catholic Christianity
38%
Highest peakPica d'Estats
34%
Famous painter and sculptor from CataloniaPablo Picasso
29%
Political alliance focused on achieving independence from SpainJunts pel Sí
28%
Patron saintsVirgin of Montserrat
7%

Score Distribution

Percentile by Number Answered

Percent of People with Each Score

Your Score History

You have not taken this quiz